Statistics for 波兰邻国国旗

Click here to take the quiz!

General Stats

  • This quiz has been taken 38 times
  • The average score is 7 of 7

Answer Stats

Answer% Correct
俄罗斯
100%
德国
100%
乌克兰
100%
捷克
100%
白俄罗斯
94%
斯洛伐克
92%
立陶宛
92%

Score Distribution

Percentile by Number Answered

Percent of People with Each Score

Your Score History

You have not taken this quiz